Európska Centrálna Banka výročná správa 2006

Saved in:
Bibliographic Details
Format: Book
Language:Slovak
Published: Frankfurt nad Mohanom Európska Centrálna Banka [2007]
Subjects:
Tags: Add Tag
No Tags, Be the first to tag this record!

MARC

LEADER 00000nam$a2200000$$$4500
001 0060202
005 20240315123142.1
022 |a 1830-2920 
041 0 |a slo 
044 |a DE 
245 1 0 |a Európska Centrálna Banka  |b výročná správa 2006 
264 1 |a Frankfurt nad Mohanom  |b Európska Centrálna Banka  |c [2007] 
300 |a 256 s. 
610 2 0 |a banky centrálne 
610 2 0 |a štruktúra organizačná 
610 2 0 |a bankovníctvo 
610 2 0 |a vývoj hospodársky 
610 2 0 |a politika menová 
610 2 0 |a operácie bankové 
610 2 0 |a papiere cenné 
610 2 0 |a bankovky 
610 2 0 |a mince 
610 2 0 |a údaje štatistické 
610 2 0 |a výskum ekonomický 
610 2 0 |a eurozóna 
610 2 0 |a integrácia 
610 2 0 |a stabilita finančná 
610 2 0 |a dohľad bankový 
610 2 0 |a vzťahy medzinárodné 
610 2 0 |a zodpovednosť 
610 2 0 |a komunikácia externá 
610 2 0 |a závierka účtovná 
610 2 0 |a súvaha 
610 2 0 |a Európa 
610 2 0 |a Európska únia 
610 2 0 |a Slovinsko 
610 2 0 |a 2006